Colorado Avalanche Records - Statistics

General Stats
  • This quiz has been taken 331 times
  • The average score is 9 of 20
Answer Stats
Hint Answer % Correct
Most Games Played 1319 Joe Sakic
96%
Most Goals Scored 610 Joe Sakic
96%
Most Shutouts 37 Patrick Roy
92%
Most Assists in One Season 86 Peter Forsberg
80%
(Team Record) Stanley Cups 2
62%
(Team Record) Conference Champions 2
62%
(Team Record) Presidents Trophies 2
62%
(Team Record) Division Champions 8
56%
(Team Record) Most Shutouts in a Single Season '02 11
42%
(Team Record) Fewest Wins in a Seaon '90 12
41%
(Team Record) Fewest Losses '01 16
40%
(Team Record) Most wins in a Season '01 52
39%
(Team Record) Most Losses in a Season '90 61
38%
Most Points by a Rookie 109 Peter Stastny
31%
Most Points by a Defenseman in One Season 68 Sandis Ozolinsh
18%
Most Penalty Minutes 1562 Dale Hunter
13%
Most Penalty Minutes in One Season 250 Chris Simon
10%
(Team Record) Most Goals For in a Season '84 360
5%
(Team Record) Most Goals Against in a Season '90 407
4%
(Team Record) Most Penalty Minutes in a Single Season '90 2104
2%
No matching quizzes found
Score Distribution
Percent of People with Each Score
Percentile by Number Answered
Your Score History
You have not taken this quiz